LEADER 01715nam 2200421 n 450 001 996386329703316 005 20221108105335.0 035 $a(CKB)1000000000615753 035 $a(EEBO)2240938990 035 $a(UnM)99839741 035 $a(EXLCZ)991000000000615753 100 $a19910105d1635 uy | 101 0 $aeng 135 $aurbn||||a|bb| 200 00$aHerodian of Alexandria his Historie of tvventy Roman Cęsars and emperors (of his time.)$b[electronic resource] $eTogether with the most solemne deification of the Roman emperors and empresses. Interpreted out of the Greeke originall 210 $aLondon $cPrinted [by Augustine Mathewes] for Henry Taunton, and are to bee sold at his shop in St Dunstons Churchyard in Fleetstreet$d1635 215 $a[14], 216, 219-434 p 300 $aSigned at end by translator: I.M., i.e. James Maxwell?. 300 $aPrinter's name from STC. 300 $aWith an additional title page, engraved: Herodian's imperiall history. 300 $aRunning title reads: Herodian's imperiall historie. 300 $aReproduction of the original in the Bodleian Library. 330 $aeebo-0014 606 $aEmperors$zRome$vEarly works to 1800 607 $aRome$xHistory$yEmpire, 30 B.C.-284 A.D$vEarly works to 1800 615 0$aEmperors 700 $aHerodian$0486485 701 $aMaxwell$b James$fb. 1581.$01004820 701 $aI. M$ffl. 1629.$01012351 801 0$bCu-RivES 801 1$bCu-RivES 801 2$bUk-ES 801 2$bCStRLIN 801 2$bWaOLN 906 $aBOOK 912 $a996386329703316 996 $aHerodian of Alexandria his Historie of tvventy Roman Cęsars and emperors (of his time.)$92389847 997 $aUNISA LEADER 01336oam 2200445zu 450 001 9910141366503321 005 20241212220211.0 010 $a9781457721298 010 $a1457721295 010 $a9781457721281 010 $a1457721287 035 $a(CKB)2670000000319035 035 $a(SSID)ssj0001106873 035 $a(PQKBManifestationID)12489366 035 $a(PQKBTitleCode)TC0001106873 035 $a(PQKBWorkID)11075247 035 $a(PQKB)10869665 035 $a(NjHacI)992670000000319035 035 $a(EXLCZ)992670000000319035 100 $a20160829d2012 uy 101 0 $aeng 135 $aur||||||||||| 181 $ctxt 182 $cc 183 $acr 200 10$a2012 IEEE 39th International Conference on Plasma Sciences 210 31$a[Place of publication not identified]$cIEEE$d2012 215 $a1 online resource (1 volume (734 pages)) $cillustrations (black and white) 300 $aBibliographic Level Mode of Issuance: Monograph 311 08$a9781457721274 311 08$a1457721279 606 $aPlasma engineering$vCongresses 615 0$aPlasma engineering 676 $a621.044 702 $aIEEE Staff 801 0$bPQKB 906 $aPROCEEDING 912 $a9910141366503321 996 $a2012 IEEE 39th International Conference on Plasma Sciences$92531184 997 $aUNINA